000 00741pab a2200157 454500
008 180718b2007 xxu||||| |||| 00| 0 eng d
100 _aVir, Dharam
245 _aLegislature's supremacy and execuive's excess
260 _c2007
300 _ap.561-63.
362 _a17 Feb
520 _aWhen state governments spend ore than what is authorised by the legislature, the Constitution mandates that they approach the latter to regularise the excess expenditure. However, many states repeatedly fail to do so, thus eroding the legislature's authority, weakening the executive's accountability and sometimes even letting scams go undetected. - Reproduced.
650 _aParliament
773 _aEconomic and Political Weekly
909 _a73281
999 _c73281
_d73281